| 000 | 00907cam a2200217 4500 | ||
|---|---|---|---|
| 001 | WB4006-14 | ||
| 008 | 040212n2004 000 0 eng u | ||
| 035 | _a(Sirsi) u125128 | ||
| 245 | _aTown centre boost needed | ||
| 260 | _c2004 | ||
| 490 |
_aPlanning (for the Natural and Built Environment) _v(1555) 6 February 2004, 4(1) |
||
| 520 | _aResearch published in "Research study on the effectiveness of NPPG8" has suggested that a new approach should be adopted to raise the profile of town centres in government policy. The research was conducted to test the effectiveness of NPPG8 planning guidance in Scotland. Copies of the report can be downloaded from http://www.scotland.gov.uk/library5/planning/nppg8 03-00.asp. | ||
| 590 | _aWB | ||
| 590 | _aWB | ||
| 650 | _aTOWN CENTRES | ||
| 650 | _aNPPG8 | ||
| 650 | _aSCOTLAND | ||
| 650 | _aPLANNING GUIDANCE | ||
| 690 | _aPLANNING | ||
| 942 | _n0 | ||
| 999 |
_c117019 _d117019 |
||